Sports Quiz

Random Sports or NBA Quiz

NBA MVP Voting (2011-12) Quiz Stats

Quiz Updated May 15, 2012

Also try: NBA MVPs
Challenge
Share
Tweet
Embed
Score 0/15 Timer 04:00
3 Plays Today
Player % Correct
LeBron James
99.5%
Kevin Durant
94.7%
Kobe Bryant
94%
Dwyane Wade
87.6%
Chris Paul
80.7%
Derrick Rose
79.1%
Russell Westbrook
78.1%
Tim Duncan
75.3%
Player % Correct
Dwight Howard
74.9%
Tony Parker
73.1%
Dirk Nowitzki
68.4%
Steve Nash
59.8%
Rajon Rondo
59.6%
Kevin Love
49.7%
Joe Johnson
43%

You're not logged in!

Compare scores with friends on all Sporcle quizzes.
Join for Free
OR
Log In

You Might Also Like...

Show Comments

Extras

Top Quizzes Today


Score Distribution

Your Account Isn't Verified!

In order to create a playlist on Sporcle, you need to verify the email address you used during registration. Go to your Sporcle Settings to finish the process.

Report this User

Report this user for behavior that violates our Community Guidelines.

Details: